Представление документа в формате MARC21

Поле Инд. ПП Название Значение
Тип записи a
Библиографический уровень b
001 Контрольный номер RU/IS/BASE/284904157
005 Дата корректировки 20220228142345.1
008 Кодируемые данные 20090110
040 b Код языка каталог. rus
e Правила каталог. PSBO
041 0_ a Код языка текста rus
084 a Индекс другой классификации/Индекс ББК 82г(2Рос); 81г(2Рос); 83г(2Рос)
100 1_ a Автор Злобина Н. Ф.
245 10 a Заглавие Образ и понятие, стих и проза как категории исторической поэтики в наследии Ф. И. Буслаева
b Продолж. заглавия (по материалам РГАЛИ)
504 a Библиография Библиогр.: с. 145
600 14 a Персоналии Буслаев Федор Иванович
650 14 a Основная рубрика история литературы
a Основная рубрика литературоведение
a Основная рубрика филологические науки
a Основная рубрика языкознание
653 0_ a Ключевые слова XIX век
a Ключевые слова историческая поэтика
a Ключевые слова история литературоведения
a Ключевые слова история фольклористики
a Ключевые слова история языкознания
a Ключевые слова проза
a Ключевые слова Россия
a Ключевые слова стих
a Ключевые слова фольклористика
773 08 t Заглавие источника Вестник Московского университета. Серия 9, Филология
d Дата издания источника 2008
g Прочая информация № 3. - С. 138 - 145
w Контрольный № источника RU/IS/BASE/282745557
901 t Тип документа b